Rice pest science and management : selected papers from the International Rice Research Conference
Highlights of some of the research that has provided the basis for the implementation of integrated pest management (IPM) in rice, and some of the newer approaches and techniques that promise to contribute to improved pest management in this crop in the future, are outlined. In the first section of...
Đã lưu trong:
| Format: | Bog |
|---|---|
| Sprog: | Undetermined |
| Udgivet: |
Manila, Philippines
International rice research institute
1994
|
| Fag: | |
| Tags: |
Tilføj Tag
Ingen Tags, Vær først til at tagge denne postø!
|
| Thư viện lưu trữ: | Trung tâm Học liệu Trường Đại học Cần Thơ |
|---|
| LEADER | 01333nam a2200229Ia 4500 | ||
|---|---|---|---|
| 001 | CTU_123127 | ||
| 008 | 210402s9999 xx 000 0 und d | ||
| 082 | |a 633.189 | ||
| 082 | |b R495 | ||
| 245 | 0 | |a Rice pest science and management : | |
| 245 | 0 | |b selected papers from the International Rice Research Conference | |
| 245 | 0 | |c edited by P. S. Teng, K. L. Heong, K. Moody | |
| 260 | |a Manila, Philippines | ||
| 260 | |b International rice research institute | ||
| 260 | |c 1994 | ||
| 520 | |a Highlights of some of the research that has provided the basis for the implementation of integrated pest management (IPM) in rice, and some of the newer approaches and techniques that promise to contribute to improved pest management in this crop in the future, are outlined. In the first section of the book there are 9 papers that deal with different aspects of rice pest ecology and biology. The 3 papers in the second section are on the improvement and deployment of rice host plant resistance to pests. The final section of the book contains 6 papers on pest management in rice | ||
| 526 | |a Chiến lược quản lý dịch hại cây trồng | ||
| 526 | |b NN728 | ||
| 650 | |a Rice | ||
| 650 | |x Diseases and pests,Control | ||
| 904 | |i Hiếu, Huỳnh Mai | ||
| 980 | |a Trung tâm Học liệu Trường Đại học Cần Thơ | ||